Central Library OPAC University of Rajshahi

The end of the Roman world / (Record no. 24468)

MARC details
000 -LEADER
fixed length control field 00799nam a22002651 4500
001 - CONTROL NUMBER
control field 24468
003 - CONTROL NUMBER IDENTIFIER
rucl marc code BD-RjUL
005 - DATE AND TIME OF LATEST TRANSACTION
control field 20211209001044.0
008 - FIXED-LENGTH DATA ELEMENTS--GENERAL INFORMATION
fixed length control field 140313s1966 nyuabc b 001 0 eng
035 ## - SYSTEM CONTROL NUMBER
System control number (BD-RjUL)24535
System control number (OCoLC)2522274
040 ## - CATALOGING SOURCE
Original cataloging agency DLC
Transcribing agency O
Modifying agency OCoLC
-- OTU
-- DLC
-- BD-RjUL
Language of cataloging eng
041 ## - LANGUAGE CODE
Language code of text/sound track or separate title eng
082 ## - DEWEY DECIMAL CLASSIFICATION NUMBER
Classification number 913.37036
Author mark and year PEE 1966
100 1# - MAIN ENTRY--PERSONAL NAME
Personal name Perowne, Stewart,
Dates associated with a name 1901-
9 (RLIN) 75323
245 14 - TITLE STATEMENT
Title The end of the Roman world /
Statement of responsibility, etc. Stewart Perowne
260 ## - PUBLICATION, DISTRIBUTION, ETC. (IMPRINT)
Place of publication, distribution, etc. New York :
Name of publisher, distributor, etc. Crowell,
Date of publication, distribution, etc. c1966.
300 ## - PHYSICAL DESCRIPTION
Pagination xix, 172 p. :
Illustrations ill., geneal. tables, 3 maps (2 fold.) ports. ;
Size 23 cm.
504 ## - BIBLIOGRAPHY, ETC. NOTE
Bibliography, etc Includes index.
651 #0 - SUBJECT ADDED ENTRY--GEOGRAPHIC NAME
Geographic name Rome
General subdivision History
Chronological subdivision Empire, 284-476.
9 (RLIN) 73056
Geographic name Rome
General subdivision Civilization.
9 (RLIN) 66691
942 ## - ADDED ENTRY ELEMENTS (KOHA)
Source of classification or shelving scheme Dewey Decimal Classification
Koha item type Books
Holdings
Lost status Source of classification or shelving scheme Damaged status Not for loan Collection code Permanent Location Current Location Shelving location Date acquired Source of acquisition Cost, normal purchase price Total Checkouts Full call number Date last seen Copy number Koha item type
  Dewey Decimal Classification   Added to bundle Non-fiction Central Library, University of Rajshahi Central Library, University of Rajshahi Reading Room 11/07/1972 Book centre 38.50   913.37036 PEE 1966 13/03/2014 C-1 Books